Bacteriología Médica / (Record no. 11552)

MARC details
000 -LEADER
fixed length control field 00575nam a22001937a 4500
005 - DATE AND TIME OF LATEST TRANSACTION
control field 20150124121907.0
008 - FIXED-LENGTH DATA ELEMENTS--GENERAL INFORMATION
fixed length control field 110816t mx||||| |||| 00| 0 spa d
020 ## - INTERNATIONAL STANDARD BOOK NUMBER
International Standard Book Number 9687022620
050 04 - LIBRARY OF CONGRESS CALL NUMBER
Classification number QR46
Item number L84 1996
100 1# - MAIN ENTRY--PERSONAL NAME
Personal name Lugo de la Fuente, Gustavo
245 10 - TITLE STATEMENT
Title Bacteriología Médica /
Statement of responsibility, etc Gustavo Ludo de la Fuente
250 ## - EDITION STATEMENT
Edition statement 1a ed.
260 ## - PUBLICATION, DISTRIBUTION, ETC. (IMPRINT)
Place of publication, distribution, etc México :
Name of publisher, distributor, etc Ediciones Cuéllar,
Date of publication, distribution, etc 1996
300 ## - PHYSICAL DESCRIPTION
Extent iii, 654 p. :
Other physical details il. ;
Dimensions 26 cm.
504 ## - BIBLIOGRAPHY, ETC. NOTE
Bibliography, etc Incluye Bibliografías e índice.
506 ## - RESTRICTIONS ON ACCESS NOTE
Terms governing access Bib. Med. ISO 2011
650 #4 - SUBJECT ADDED ENTRY--TOPICAL TERM
Topical term or geographic name as entry element Bacteriología médica
942 ## - ADDED ENTRY ELEMENTS (KOHA)
Source of classification or shelving scheme Biblioteca del Cogreso de los Estados Unidos
Koha item type Libro
Holdings
Estado de pérdida Fuente de clasificación Estado del daño No para préstamo Ubicación permanente Ubicación actual Fecha de adquisición Fuente de adquisición Dependencia de educación superior (DES) Área del conocimiento Clasificación Código de Barras Date last seen Número de copia Tipo de recurso Nota pública
  Biblioteca del Cogreso de los Estados Unidos     Biblioteca de la Facultad de Ciencias Médicas y Biológicas Biblioteca de la Facultad de Ciencias Médicas y Biológicas 16/08/2011       QR46 L84 1996 BFM000001560 16/08/2011 C : 1 Libro General
  Biblioteca del Cogreso de los Estados Unidos     Biblioteca de la Facultad de Ciencias Médicas y Biológicas Biblioteca de la Facultad de Ciencias Médicas y Biológicas 16/08/2011       QR46 L84 1996 BFM000001561 16/08/2011 C : 2 Libro General
  Biblioteca del Cogreso de los Estados Unidos     Biblioteca de la Facultad de Ciencias Médicas y Biológicas Biblioteca de la Facultad de Ciencias Médicas y Biológicas 16/08/2011       QR46 L84 1996 BFM000001562 16/08/2011 C : 3 Libro General
  Biblioteca del Cogreso de los Estados Unidos     Biblioteca de la Facultad de Ciencias Médicas y Biológicas Biblioteca de la Facultad de Ciencias Médicas y Biológicas 16/08/2011       QR46 L84 1996 BFM000001563 16/08/2011 C : 4 Libro General
  Biblioteca del Cogreso de los Estados Unidos     Biblioteca de la Facultad de Ciencias Médicas y Biológicas Biblioteca de la Facultad de Ciencias Médicas y Biológicas 16/08/2011       QR46 L84 1996 BFM000001564 16/08/2011 C : 5 Libro General
  Biblioteca del Cogreso de los Estados Unidos     Biblioteca de la Facultad de Ciencias Médicas y Biológicas Biblioteca de la Facultad de Ciencias Médicas y Biológicas 16/08/2011       QR46 L84 1996 BFM000001565 16/08/2011 C : 6 Libro General
  Biblioteca del Cogreso de los Estados Unidos     Biblioteca de la Facultad de Ciencias Médicas y Biológicas Biblioteca de la Facultad de Ciencias Médicas y Biológicas 16/08/2011       QR46 L84 1996 BFM000001566 16/08/2011 C : 7 Libro General
  Biblioteca del Cogreso de los Estados Unidos     Biblioteca de la Facultad de Ciencias Médicas y Biológicas Biblioteca de la Facultad de Ciencias Médicas y Biológicas 16/08/2011       QR46 L84 1996 BFM000001567 16/08/2011 C : 8 Libro General